Prime 4 Posizioni agli Europei di Calcio - Statistics

Statistiche generali
  • Questo quiz è stato fatto 268 volte
  • Il punteggio medio è 14 su 17
Statistiche sulle risposte
Primo posto Secondo posto Terzo posto Quarto posto Semifinalista Calciatore % Corretto
2 2 - 1 1 Italia
100%
4 1 - - 1 Spagna
100%
2 1 - 1 2 Francia
99%
1 1 - - 3 Portogallo
99%
3 3 - - 3 Germania
97%
- 2 1 - 1 Inghilterra
94%
1 - - - - Grecia
92%
1 3 - 1 1 Russia / Unione Sovietica
90%
1 - 1 - 4 Paesi Bassi
88%
- 1 1 - - Belgio
87%
1 - - 1 2 Danimarca
85%
- - - - 1 Svezia
83%
1 1 2 - 1 Repubblica Ceca / Cecoslovacchia
77%
- 2 - 1 - Serbia / Jugoslavia
77%
- - 1 1 - Ungheria
70%
- - - - 1 Turchia
59%
- - - - 1 Galles
48%
Nessun quiz corrispondente trovato
Distribuzione punteggi
Percentuale di utenti per punteggio
Percentile per numero di risposta
I tuoi punteggi nel tempo
Non hai fatto questo quiz